logo

Bir Sreshtho Munshi Abdur Rouf Library
Jhenaidah Cadet College

Concepts of nuclear physics / (Record no. 8157)

MARC details
000 -LEADER
fixed length control field 00674nam a2200253 4500
001 - CONTROL NUMBER
JCCL Control Number 8157
003 - CONTROL NUMBER IDENTIFIER
JCCL marc code BD-JhCC
005 - DATE AND TIME OF LATEST TRANSACTION
control field 20180709120945.0
008 - FIXED-LENGTH DATA ELEMENTS--GENERAL INFORMATION
fixed length control field 710114s1971 nyua b 001 0 eng
020 ## - INTERNATIONAL STANDARD BOOK NUMBER
International Standard Book Number 0070115567
035 ## - SYSTEM CONTROL NUMBER
system control number (BD-JhCC)8157
040 ## - CATALOGING SOURCE
Original cataloging agency DLC
Transcribing agency DLC
Modifying agency DLC
-- BD-JhCC
041 ## - LANGUAGE CODE
Language code of Book eng
050 00 - LIBRARY OF CONGRESS CALL NUMBER
Classification number QC173
Item number .C552
082 00 - DEWEY DECIMAL CLASSIFICATION NUMBER
Classification number 539.7
Author mark and Year COH 1971
100 1# - MAIN ENTRY--PERSONAL NAME
Personal name Cohen, Bernard Leonard,
Dates associated with a name 1924-
245 10 - TITLE STATEMENT
Title Concepts of nuclear physics /
Statement of responsibility, etc Bernard L. Cohen.
260 ## - PUBLICATION, DISTRIBUTION, ETC. (IMPRINT)
Place of publication, distribution, etc New York,
Name of publisher, distributor, etc McGraw-Hill
Date of publication, distribution, etc [c1971]
300 ## - PHYSICAL DESCRIPTION
Pagination xii, 435 p.
Other physical details illus.
Dimensions 23 cm.
504 ## - BIBLIOGRAPHY, ETC. NOTE
Bibliography, etc Bibliography: p. 424-426.
650 #0 - SUBJECT ADDED ENTRY--TOPICAL TERM
Topical term or geographic name as entry element Nuclear physics.
942 ## - ADDED ENTRY ELEMENTS (KOHA)
Source of classification or shelving scheme Dewey Decimal Classification
Koha item type Books
Holdings
Source of classification or shelving scheme Damaged status Not for loan Home library Current library Shelving location Total Checkouts Full call number Barcode Date last seen Copy number Koha item type
Dewey Decimal Classification     JCC Rouf Library JCC Rouf Library General Stacks   539.7 COH 1971 10788 02/19/2018 C - 1 Books

JCC Library | Contacts | JCC Home

Last Update on 23 September 2017
Copyright @ 2017-2020 JCC Rouf Library
Rouf Library, Jhenidah Cadet College (JCC), Bangladesh